|
|
|
|
| LEADER |
01467nam a22003852aa4500 |
| 001 |
001733931 |
| 003 |
CZ BrMZK |
| 005 |
20200305134922.0 |
| 007 |
ta |
| 008 |
200305s1908 xr er|||||||||||cze d |
| 015 |
|
|
|a cnb000632778
|z cnb001700114
|z cnb001261552
|
| 020 |
|
|
|q (Brož.)
|
| 035 |
|
|
|a (OCoLC)85579475
|
| 035 |
|
|
|a (OCoLC)10005551
|
| 040 |
|
|
|a ABA001
|b cze
|c CBA001
|d ABA001
|d BOA001
|
| 072 |
|
7 |
|a 821.162.4
|x Slovenská literatura
|2 Konspekt
|9 25
|
| 080 |
|
|
|a 821.162.4-34
|2 MRF
|
| 080 |
|
|
|a (0:82-34)
|2 MRF
|
| 100 |
1 |
|
|a Němcová, Božena,
|d 1820-1862
|7 jk01083016
|4 aut
|
| 245 |
1 |
0 |
|a Slovenské pohádky a pověsti /
|c [Božena Němcová] ; k vydání upravil V. Tille
|
| 260 |
|
|
|a V Praze :
|b Nákladem Jana Laichtera,
|c 1908-1909
|
| 300 |
|
|
|a 2 sv. (322; xcvii, 222, vii s.) ;
|c 12°
|
| 490 |
1 |
|
|a Čeští spisovatelé XIX. století
|
| 490 |
1 |
|
|a Sebrané spisy Boženy Němcové ;
|v sv. VII, VIII
|
| 500 |
|
|
|a Vl. jm. autora: Barbora Němcová
|
| 655 |
|
7 |
|a slovenské pohádky
|7 fd133448
|2 czenas
|
| 655 |
|
7 |
|a slovenské pověsti
|7 fd219004
|2 czenas
|
| 800 |
1 |
|
|a Němcová, Božena,
|d 1820-1862.
|t Sebrané spisy (J. Laichter)
|0 s
|
| 830 |
|
0 |
|a Čeští spisovatelé XIX. století
|0 s
|
| 856 |
4 |
1 |
|u http://www.digitalniknihovna.cz/mzk/uuid/uuid:be92f770-a725-11e6-abce-005056825209
|y Digitalizovaný dokument
|x NDK
|
| 910 |
|
|
|a BOA001
|b OB1-0685.855,7
|b OB1-0685.855,8
|s 1-2
|
| 928 |
9 |
|
|a Jan Laichter
|
| 990 |
|
|
|a BK
|
| 993 |
|
|
|a Y
|
| 991 |
|
|
|b 202003
|